Genshin Impact specialty base dishes (V.6.6) - Statistics

General Stats
  • This quiz has been taken 19 times
    3 since last reset
  • The average score is 60 of 113
Answer Stats
Picture Answer % Correct
Amber
100%
Bennett
100%
Collei
100%
Kaeya
100%
Kamisato Ayaka
100%
Kirara
100%
Lisa
100%
Razor
100%
Sayu
100%
Xiao
100%
Xingqiu
100%
Aino
67%
Albedo
67%
Alhaitham
67%
Aloy
67%
Chevreuse
67%
Chongyun
67%
Clorinde
67%
Columbina
67%
Diluc
67%
Escoffier
67%
Eula
67%
Furina
67%
Ganyu
67%
Gorou
67%
Ifa
67%
Ineffa
67%
Jean
67%
Kaedehara Kazuha
67%
Kamisato Ayato
67%
Keqing
67%
Klee
67%
Kuki Shinobu
67%
Lyney
67%
Mika
67%
Mona
67%
Navia
67%
Nilou
67%
Ningguang
67%
Noelle
67%
Qiqi
67%
Rosaria
67%
Tartaglia
67%
Thoma
67%
Varesa
67%
Venti
67%
Xiangling
67%
Xilonen
67%
Yae Miko
67%
Yanfei
67%
Yoimiya
67%
Yumemizuki Mizuki
67%
Yun Jin
67%
Zhongli
67%
Zibai
67%
Arataki Itto
33%
Arlecchino
33%
Baizhu
33%
Barbara
33%
Beidou
33%
Candace
33%
Charlotte
33%
Chasca
33%
Chiori
33%
Citlali
33%
Cyno
33%
Dahlia
33%
Dehya
33%
Diona
33%
Dori
33%
Durin
33%
Emilie
33%
Faruzan
33%
Fischl
33%
Flins
33%
Freminet
33%
Gaming
33%
Hu Tao
33%
Iansan
33%
Illuga
33%
Jahoda
33%
Kachina
33%
Kaveh
33%
Kinich
33%
Kujou Sara
33%
Lan Yan
33%
Lauma
33%
Layla
33%
Linnea
33%
Lynette
33%
Mavuika
33%
Mualani
33%
Nahida
33%
Nefer
33%
Neuvillette
33%
Nicole
33%
Ororon
33%
Prune
33%
Sangonomiya Kokomi
33%
Sethos
33%
Shenhe
33%
Shikanoin Heizou
33%
Sigewinne
33%
Skirk
33%
Sucrose
33%
Tighnari
33%
Varka
33%
Wanderer
33%
Wriothesley
33%
Xianyun
33%
Xinyan
33%
Yaoyao
33%
Yelan
33%
No matching quizzes found
Score Distribution
Percent of People with Each Score
Percentile by Number Answered
Your Score History
You have not taken this quiz since the last reset